How to become a citizen of the United States ; a guide to naturalization law and procedure.

Bibliographic Details
Main Author: Hall, Margaret E. (Margaret Esther), 1905-
Format: Book
Language:English
Published: New York : Oceana Publications, [1953]
Edition:2d ed., rev. by publishers' [sic] editorial staff.
Series:Legal almanac series ; no. 8.
Subjects:

MARC

Tag First Indicator Second Indicator Subfields
LEADER 00000cam a2200000 4500
001 in00000063783
005 20151008050652.0
008 750506s1953 nyu 00000 eng u
010 |a  53005770  
035 |a (OCoLC)01314932 
035 |9 AAG2502AM 
040 |c ORL  |d TXA  |d UtOrBLW 
049 |a TXAM  |c [254034] 
082 0 |a 323.62 
090 |a JK1829  |b .H3 1953 
092 |a 323.62  |b H178h2 
100 1 |a Hall, Margaret E.  |q (Margaret Esther),  |d 1905- 
245 1 0 |a How to become a citizen of the United States ;  |b a guide to naturalization law and procedure. 
250 |a 2d ed., rev. by publishers' [sic] editorial staff. 
264 1 |a New York :  |b Oceana Publications,  |c [1953] 
300 |a 102 pages ;  |c 19 cm. 
336 |a text  |b txt  |2 rdacontent 
337 |a unmediated  |b n  |2 rdamedia 
338 |a volume  |b nc  |2 rdacarrier 
490 1 |a Legal almanac series ;  |v no. 8 
650 0 |a Naturalization  |z United States. 
830 0 |a Legal almanac series ;  |v no. 8. 
999 |a MARS 
999 f f |s 2e45be6a-f73a-3a96-8222-fff296368ebc  |i 97ccc3da-a7bf-3d4f-b4cc-0b84c61d9003  |t 0 
952 f f |p ric  |a Texas A&M University  |b Rellis Campus  |c Joint Library Facility  |d Remote Storage  |t 0  |e JK1829 .H3 1953  |h Library of Congress classification  |i unmediated -- volume  |m A14800667524 
998 f f |a JK1829 .H3 1953  |t 0  |l Remote Storage